000 nam a22 7a 4500
999 _c233045
_d233045
003 Nust
005 20170228105043.0
008 170228b xxu||||| |||| 00| 0 eng d
040 _cDLC
082 _a891.4398 ASH
245 _aسفر مینا
_cاشفاق احمد
260 _aLahore :
_c2007
300 _a396p. :
_c25cm
942 _2ddc
_cBK